000
00487nam a2200169Ia 4500
008
090711s9999 xx 000 0 und d
082
_b
75939
100
_a
बेलसरे केशव वि.
245
_a
सहज समाधी
260
_c
1974
300
_a
96
600
_a
बेलसरे केशव वि.
630
_a
सहज समाधी
700
_a
बेलसरे केशव वि.
730
_a
सहज समाधी
942
_c
BOOK
999
_c
283850
_d
283850